|
|
|
|
| LEADER |
00000ny a22000003n 4500 |
| 005 |
20110519115241.0 |
| 008 |
090116s2007 ag a sb 000 0 spa c |
| 020 |
|
|
|a 987507313X
|
| 035 |
|
|
|a 2419
|
| 040 |
|
|
|a UMA.RE
|d vLex
|
| 080 |
|
|
|a 32(82)(0.034)
|
| 090 |
|
|
|c 36
|d 36
|
| 100 |
1 |
|
|a Alvarez, Juan Još
|
| 245 |
1 |
0 |
|a Crisis de gobernabilidad y control en Argentina
|h [Recurso electrn̤ico]
|c Juan Jos ̌Alvarez
|
| 256 |
|
|
|a Servicio en ln̕ea
|
| 260 |
|
|
|a Buenos Aires :
|b Ciudad Argentina,
|c 2007
|
| 504 |
|
|
|a Bibliografa̕
|
| 506 |
1 |
|
|a Contenido solo disponible en los productos indicados
|d vLex Global
|d vLex Global (Academic Edition, excluding Law Schools)
|d vLex Global (U.S. Academic Edition, Law Schools)
|d vLex Global (U.S. Academic Edition, excluding Law Schools)
|d vLex Global (Academic Edition, Law Schools)
|
| 650 |
0 |
4 |
|a Control - Derecho y legislacin̤
|
| 740 |
0 |
|
|a vLex Libros (Servicios en ln̕ea)
|
| 856 |
4 |
0 |
|u http://vlex.com/source/2419
|z Acceso restringido
|
| 942 |
|
|
|c BOOK
|
| 999 |
|
|
|a Control - Law and legislation
|v En ln̕ea
|b Argentina
|